Business economics and finance with MATLAB, GIS and simulation models
Αποθηκεύτηκε σε:
| Κύριος συγγραφέας: | |
|---|---|
| Μορφή: | Βιβλίο |
| Γλώσσα: | English |
| Δημοσίευση: |
Boca Raton, FL :
CRC Press/Chapman & Hall,
c2005
|
| Θέματα: | |
| Ετικέτες: |
Προσθήκη ετικέτας
Δεν υπάρχουν, Καταχωρήστε ετικέτα πρώτοι!
|
MARC
| LEADER | 00000nam a2200000 i 4500 | ||
|---|---|---|---|
| 001 | 1/84047 | ||
| 008 | 080507s2005 eng d | ||
| 020 | |a 1-58488-348-0 | ||
| 035 | |l 10097090 | ||
| 040 | |a GR-MY-UA |b gre |e aacr | ||
| 041 | 0 | |a eng | |
| 082 | 0 | |a 338.50113 |2 (22) | |
| 100 | 1 | |a Anderson, Patrick L. | |
| 245 | 1 | 0 | |a Business economics and finance with MATLAB, GIS and simulation models / |c Patrick L.Anderson |
| 260 | |a Boca Raton, FL : |b CRC Press/Chapman & Hall, |c c2005 | ||
| 300 | |a 472 σ.; |b σχέδια; |c 24 εκ. | ||
| 504 | |a Περιλαμβάνει βιβλιογραφικές παραπομπές και ευρετήριο | ||
| 650 | 0 | 0 | |a Managerial economics |x Mathematical models. |
| 852 | |a INST |b CHIOS |e 20080507 |h 338.50113 AND |p 005200027302 |q 005200027302 |t BK |y 0 | ||
| 901 | |a BIBL2-2008-2 | ||
| 909 | |a Χ |b 152353 | ||
| 922 | |a 2ΕΛΗ |b 200803 |c ΕΠΕΑΕΚ2/ΤΜΟΔ |d ΕΛΕΥΘΕΡΟΥΔΑΚΗΣ | ||
| 970 | |a ΒΑΣΙΛΑΚΗ |b ΝΙΚΗ |z 2008/05/07 | ||